[Event "AUT-ch U18"]
[Site "Woerth"]
[Date "2014.04.15"]
[Round "4"]
[White "Binder, Moriz"]
[Black "Menezes, Christoph"]
[Result "1/2-1/2"]
[WhiteElo "2072"]
[BlackElo "2248"]
[PlyCount "59"]
[EventDate "2014.04.13"]
[EventType "swiss"]
[EventRounds "7"]
[EventCountry "AUT"]
[SourceTitle "EXT 2015"]
[Source "ChessBase"]
[SourceDate "2014.11.20"]
[SourceVersion "1"]
[SourceVersionDate "2014.11.20"]
[SourceQuality "1"]

1. d4 d5 2. c4 e6 3. Nc3 Be7 4. cxd5 exd5 5. Bf4 c6 6. Qc2 Nf6 7. e3 Nh5 8. Bg3 g6 9. Bd3 Ng7 10. Nge2 Bf5 11. 0-0 Bxd3 12. Qxd3 Nf5 13. f3 Nxg3 14. Nxg3 0-0 15. e4 Bf6 16. e5 Bg7 17. Kh1 Na6 18. f4 f5 19. Nge2 Nc7 20. b4 b5 21. a4 a6 22. Nb1 Qd7 23. a5 Ne6 24. Nd2 Rf7 25. Nb3 Bf8 26. Nc5 Bxc5 27. dxc5 Raf8 28. Nd4 Nxd4 29. Qxd4 Qe6 30. Ra3 1/2-1/2

[Event "AUT-ch U18"]
[Site "Woerth"]
[Date "2014.04.14"]
[Round "3"]
[White "Binder, Moriz"]
[Black "Frank, Emanuel"]
[Result "1/2-1/2"]
[WhiteElo "2072"]
[BlackElo "2161"]
[PlyCount "104"]
[EventDate "2014.04.13"]
[EventType "swiss"]
[EventRounds "7"]
[EventCountry "AUT"]
[SourceTitle "EXT 2015"]
[Source "ChessBase"]
[SourceDate "2014.11.20"]
[SourceVersion "1"]
[SourceVersionDate "2014.11.20"]
[SourceQuality "1"]

1. d4 d5 2. c4 e6 3. Nc3 Be7 4. Nf3 Nf6 5. Bg5 h6 6. Bh4 0-0 7. e3 b6 8. cxd5 Nxd5 9. Bxe7 Qxe7 10. Nxd5 exd5 11. Bd3 Be6 12. 0-0 c5 13. Ne5 Nd7 14. f4 Nxe5 15. fxe5 Qg5 16. Qe1 Bh3 17. Qg3 Qxg3 18. hxg3 Be6 19. Rf4 f6 20. Raf1 Rae8 21. exf6 gxf6 22. Rxf6 Rxf6 23. Rxf6 c4 24. Bc2 Bf7 25. Kf2 Kg7 26. Rf4 b5 27. Ke2 a5 28. Kd2 b4 29. e4 dxe4 30. Bxe4 Rc8 31. d5 Rd8 32. Bf3 Rc8 33. a3 Bg6 34. Be4 Bf7 35. axb4 axb4 36. Ke3 c3 37. bxc3 bxc3 38. Rf1 c2 39. Rc1 Bg6 40. Bxg6 Kxg6 41. Kd3 Rc5 42. Kd4 Rc8 43. Ke5 Kf7 44. Kd6 Ke8 45. Ke6 Rc3 46. g4 Kd8 47. Kf6 Rc4 48. Ke6 Rc3 49. Kd6 Rc4 50. Ke5 Kd7 51. g3 Rxg4 52. Rxc2 Rxg3 1/2-1/2

[Event "AUT-ch U18"]
[Site "Woerth"]
[Date "2014.04.13"]
[Round "1"]
[White "Binder, Moriz"]
[Black "Mesaros, Sebastian"]
[Result "1-0"]
[WhiteElo "2072"]
[BlackElo "1812"]
[PlyCount "83"]
[EventDate "2014.04.13"]
[EventType "swiss"]
[EventRounds "7"]
[EventCountry "AUT"]
[SourceTitle "EXT 2015"]
[Source "ChessBase"]
[SourceDate "2014.11.20"]
[SourceVersion "1"]
[SourceVersionDate "2014.11.20"]
[SourceQuality "1"]

1. d4 Nf6 2. Nf3 g6 3. Nbd2 d5 4. b4 Bg7 5. e3 0-0 6. Bd3 Bg4 7. 0-0 c6 8. c4 Nbd7 9. h3 Bxf3 10. Nxf3 e6 11. Rb1 Qc7 12. Bb2 Rfe8 13. Qb3 b6 14. Rfc1 Qb7 15. cxd5 exd5 16. a4 Rac8 17. Qd1 Ne4 18. Qe2 Rc7 19. Ba3 Bf8 20. Ba6 Qb8 21. Rc2 Bh6 22. Rbc1 Nxf2 23. Kxf2 Bxe3+ 24. Qxe3 Rxe3 25. Kxe3 Qe8+ 26. Kf2 Nf6 27. Ne5 Ne4+ 28. Kg1 c5 29. Bb5 Qe7 30. bxc5 bxc5 31. Bxc5 Qg5 32. Re1 Qg3 33. Nd3 f5 34. Rce2 f4 35. Rf1 g5 36. Nb4 Qb3 37. Nd3 Qc3 38. Rc1 Qa5 39. Kh2 Rg7 40. Ne5 Ng3 41. Bb4 Qd8 42. Rec2 1-0

[Event "AUT-ch U18"]
[Site "Woerth"]
[Date "2014.04.13"]
[Round "2"]
[White "Rauchlahner, Robert Jr"]
[Black "Binder, Moriz"]
[Result "0-1"]
[WhiteElo "1776"]
[BlackElo "2072"]
[PlyCount "54"]
[EventDate "2014.04.13"]
[EventType "swiss"]
[EventRounds "7"]
[EventCountry "AUT"]
[SourceTitle "EXT 2015"]
[Source "ChessBase"]
[SourceDate "2014.11.20"]
[SourceVersion "1"]
[SourceVersionDate "2014.11.20"]
[SourceQuality "1"]

1. d4 d6 2. Nf3 g6 3. c4 Bg7 4. Nc3 Nd7 5. Bg5 f6 6. Bh4 Nh6 7. e3 Nf5 8. Bg3 e5 9. Bd3 Nxg3 10. hxg3 f5 11. Bc2 e4 12. Nd2 c5 13. d5 Ne5 14. f3 exf3 15. gxf3 Qg5 16. Kf2 h5 17. Rh4 Bd7 18. Qe2 0-0-0 19. Nb5 Bxb5 20. cxb5 Rde8 21. Rc1 Ng4+ 22. fxg4 Rxe3 23. Qxe3 Bd4 24. Qxd4 cxd4 25. Nb3 fxg4 26. Bf5+ Kb8 27. Bxg4 Rf8+ 0-1

[Event "AUT-chT2W 1314"]
[Site "Austria"]
[Date "2014.01.19"]
[Round "8.6"]
[White "Binder, Moriz"]
[Black "Loeffler, Christoph"]
[Result "1/2-1/2"]
[WhiteElo "2030"]
[BlackElo "2168"]
[PlyCount "113"]
[EventDate "2013.10.18"]
[EventType "team-tourn"]
[EventRounds "11"]
[EventCountry "AUT"]
[SourceTitle "EXT 2015"]
[Source "ChessBase"]
[SourceDate "2014.11.20"]
[SourceVersion "1"]
[SourceVersionDate "2014.11.20"]
[SourceQuality "1"]
[WhiteTeam "Schwaz"]
[BlackTeam "ASK"]
[WhiteTeamCountry "AUT"]
[BlackTeamCountry "AUT"]

1. d4 d5 2. c4 e6 3. Nc3 Nf6 4. cxd5 exd5 5. Bg5 c6 6. e3 Bf5 7. Qf3 Bg6 8. Nh3 Qb6 9. Qe2 Ne4 10. Nxe4 Bxe4 11. a3 f6 12. Bf4 g5 13. Bg3 Nd7 14. f3 Bg6 15. Qd2 0-0-0 16. Nf2 Re8 17. 0-0-0 Bxa3 18. Nd3 Bf8 19. Re1 h5 20. h4 Bh6 21. hxg5 Bxg5 22. Nf4 Bxf4 23. Bxf4 Qb3 24. Qc3 Qxc3+ 25. bxc3 Nf8 26. g3 Bf5 27. Bg2 Ne6 28. e4 Nxf4 29. gxf4 Bd7 30. Bh3 Re7 31. e5 Bxh3 32. Rxh3 Kd7 33. Reh1 Reh7 34. f5 h4 35. Rg1 Rf8 36. e6+ Kd6 37. Rg4 Rh5 38. Rgxh4 Rxf5 39. Rh7 Kxe6 40. Rxb7 Rf7 41. Rxf7 Kxf7 42. Rh7+ Ke6 43. Rxa7 Rxf3 44. Kd2 Rh3 45. Rc7 Kd6 46. Rf7 Rh6 47. Ke3 c5 48. dxc5+ Kxc5 49. Rf8 Kd6 50. Rc8 Rh4 51. Rd8+ Ke6 52. Kd3 Rc4 53. Rh8 Rc6 54. Kd4 Rc4+ 55. Kd3 Rc7 56. Kd4 Rc4+ 57. Kd3 1/2-1/2

[Event "Schwarzach op 28th"]
[Site "Schwarzach"]
[Date "2013.08.18"]
[Round "2"]
[White "Binder, Moriz"]
[Black "Danner, Georg"]
[Result "1-0"]
[WhiteElo "2004"]
[BlackElo "2320"]
[PlyCount "115"]
[EventDate "2013.08.17"]
[EventType "swiss"]
[EventRounds "9"]
[EventCountry "AUT"]
[SourceTitle "CBM 156 Extra"]
[Source "ChessBase"]
[SourceDate "2013.10.22"]
[SourceVersion "1"]
[SourceVersionDate "2013.10.22"]
[SourceQuality "1"]

1. d4 Nf6 2. c4 e6 3. Nf3 Bb4+ 4. Bd2 Qe7 5. Nc3 0-0 6. e3 d6 7. a3 Bxc3 8. Bxc3 Ne4 9. Qc2 f5 10. Bd3 Nxc3 11. Qxc3 Nd7 12. 0-0 e5 13. Nd2 e4 14. Bc2 Nf6 15. f3 c6 16. fxe4 fxe4 17. Qb4 a5 18. Qb3 d5 19. cxd5 cxd5 20. Nxe4 Be6 21. Nxf6+ Rxf6 22. Rxf6 Qxf6 23. Rf1 Qe7 24. e4 dxe4 25. Qe3 Bd5 26. Rf5 Rd8 27. Re5 Qf6 28. Bxe4 Bxe4 29. Rxe4 Rf8 30. h3 h6 31. Re5 Qb6 32. Re8 Rxe8 33. Qxe8+ Kh7 34. Qe4+ Kg8 35. Qd5+ Kh7 36. b3 Qf6 37. Qe4+ Kg8 38. a4 Qb6 39. Qd5+ Kh7 40. Kh2 Qb4 41. Qc4 Qd6+ 42. Kh1 Kg6 43. Qd3+ Kf6 44. Qf3+ Ke6 45. Qxb7 Qxd4 46. Qb6+ Qd6 47. Qxa5 Qd1+ 48. Kh2 Qxb3 49. Qa6+ Kf7 50. Qa7+ Kg6 51. a5 Qc3 52. Qb6+ Kf5 53. Qf2+ Ke6 54. a6 Qc7+ 55. Qg3 Qa7 56. Qb3+ Kf6 57. Qb7 Qd4 58. Qb8 1-0

[Event "Schwarzach op 28th"]
[Site "Schwarzach"]
[Date "2013.08.18"]
[Round "3"]
[White "Krstic, Uros"]
[Black "Binder, Moriz"]
[Result "1-0"]
[WhiteElo "2478"]
[BlackElo "2004"]
[PlyCount "111"]
[EventDate "2013.08.17"]
[EventType "swiss"]
[EventRounds "9"]
[EventCountry "AUT"]
[SourceTitle "CBM 156 Extra"]
[Source "ChessBase"]
[SourceDate "2013.10.22"]
[SourceVersion "1"]
[SourceVersionDate "2013.10.22"]
[SourceQuality "1"]

1. e4 e5 2. Nf3 Nc6 3. Nc3 Nf6 4. g3 Bc5 5. Bg2 d6 6. d3 a6 7. h3 h6 8. 0-0 Be6 9. Be3 Bxe3 10. fxe3 Qd7 11. Kh2 0-0-0 12. Nh4 Ne7 13. Nf5 Bxf5 14. exf5 d5 15. Qf3 Nh7 16. Qh5 Nf6 17. Qxf7 Rdf8 18. Qe6 Qxe6 19. fxe6 c6 20. d4 e4 21. Na4 Kc7 22. b3 Kd6 23. c4 Ne8 24. Rac1 Nc7 25. Nc5 b6 26. Nd7 Rxf1 27. Rxf1 Kxe6 28. Nxb6 Nf5 29. Re1 g5 30. g4 Nh4 31. cxd5+ cxd5 32. Rc1 Kd6 33. Rf1 Rb8 34. Na4 Ne6 35. Rc1 Rf8 36. Kg3 Nxg2 37. Kxg2 Rf3 38. Re1 Kc6 39. Re2 Nc7 40. Nc3 Nb5 41. Nd1 Kb6 42. a4 Na7 43. Nc3 Kc6 44. b4 Kd6 45. b5 axb5 46. axb5 Nc8 47. Na4 Kc7 48. Rc2+ Kb8 49. Nc5 Nb6 50. Ne6 Ka8 51. Rc6 Nc4 52. Nc7+ Kb7 53. Nxd5 Nxe3+ 54. Nxe3 Rxe3 55. Rxh6 Rb3 56. Re6 1-0